LEADER 01047nam0-22003251i-450- 001 990008287500403321 005 20060303130923.0 010 $a88-8114-407-7 020 $b98-3960 035 $a000828750 035 $aFED01000828750 035 $a(Aleph)000828750FED01 035 $a000828750 100 $a20060303d1997----km-y0itay50------ba 101 0 $aita 102 $aIT 105 $ay---n---001yy 200 1 $aCodice di procedura penale e legislazione sui minori$econ la giurisprudenza costituzionale$eappendice di ordinamento giudiziario$fa cura di Giuseppe Riccio 210 $aNapoli$aRoma$aMilano$cEdizioni Scientifiche Italiane$dc1997 215 $a721 p.$d21 cm. 225 1 $aBiblioteca di diritto processuale$v9 676 $a345.45050$v21$zita 702 1$aRiccio,$bGiuseppe 801 0$aIT$bUNINA$gRICA$2UNIMARC 901 $aBK 912 $a990008287500403321 952 $aCollezioni 433(9)$b49241*$fFGBC 959 $aFGBC 996 $aCodice di procedura penale e legislazione sui minori$9740559 997 $aUNINA LEADER 04055nam 2200409z- 450 001 9910572191203321 005 20230221125558.0 035 $a(CKB)5860000000047059 035 $a(oapen)https://directory.doabooks.org/handle/20.500.12854/82098 035 $a(EXLCZ)995860000000047059 100 $a20202206d2011 |y 0 101 0 $aita 135 $aurmn|---annan 181 $ctxt$2rdacontent 182 $cc$2rdamedia 183 $acr$2rdacarrier 200 10$aStoria delle telecomunicazioni 210 $aFirenze$cFirenze University Press$d2011 215 $a1 electronic resource (1024 p.) 311 $a88-927-3695-7 330 $aFocusing on the history of scientific and technological development over recent centuries, the book is dedicated to the history of telecommunications, where Italy has always been in the vanguard, and is presented by many of the protagonists of the last half century. The book is divided into five sections. The first, dealing with the origins, starts from the scientific bases of the evolution of telecommunications in the nineteenth century (Bucci), addressing the developments of scientific thought that led to the revolution of the theory of fields (Morando), analysing the birth of the three fundamental forms of communication ? telegraph (Maggi), telephone (Del Re) and radio (Falciasecca) ? and ending with the contribution made by the Italian Navy to the development of telecommunications (Carulli, Pelosi, Selleri, Tiberio). The second section, on technical and scientific developments, presents the numerical processing of signals (Rocca), illustrating the genesis and metamorphosis of transmission (Pupolin, Benedetto, Mengali, Someda, Vannucchi), network packets (Marsan, Guadagni, Lenzini), photonics in telecommunications (Prati) and addresses the issue of research within the institutions (Fedi-Morello), dwelling in particular on the CSELT (Mossotto). The next section deals with the sectors of application, offering an overview of radio, television and the birth of digital cinema (Vannucchi, Visintin), military communications (Maestrini, Costamagna), the development of radar (Galati) and spatial telecommunications (Tartara, Marconicchio). Section four, on the organisation of the services and the role of industry, outlines the rise and fall of the telecommunications industries in Italy (Randi), dealing with the telecommunications infrastructures (Caroppo, Gamerro), the role of the providers in national communications (Gerarduzzi), the networks and the mobile and wireless services (Falciasecca, Ongaro) and finally taking a look towards the future from the perspective of the last fifty years (Vannucchi). The last section, dealing with training and dissemination, offers an array of food for thought: university training in telecommunications, with focus on the evolution of legislation and on the professional profiles (Roveri), social and cultural aspects (Longo and Crespellani) as well as a glance over the most important museums, collections and documentary sources for telecommunications in Italy (Lucci, Savini, Temporelli, Valotti). The book is designed to offer a compendium comprising different analytical approaches, and aims to foster an interest in technology in the new generations, in the hope of stimulating potentially innovative research. 606 $aElectricity, electromagnetism & magnetism$2bicssc 606 $aElectronics engineering$2bicssc 606 $aCommunications engineering / telecommunications$2bicssc 615 7$aElectricity, electromagnetism & magnetism 615 7$aElectronics engineering 615 7$aCommunications engineering / telecommunications 700 $aCANTONI$b VIRGINIO$4edt$055341 702 $aFALCIASECCA$b GABRIELE$4edt 702 $aPelosi$b Giuseppe$4edt 702 $aCANTONI$b VIRGINIO$4oth 702 $aFALCIASECCA$b GABRIELE$4oth 702 $aPelosi$b Giuseppe$4oth 906 $aBOOK 912 $a9910572191203321 996 $aStoria delle telecomunicazioni$93033948 997 $aUNINA